000 01200nam a22003497a 4500
003 CHAP
005 20220817040800.0
008 971013s1990 r 00010 d
010 _a250
011 _a1222
035 _a398
040 _cCHAP
090 _aTesis
100 0 0 _aCruz Ortega, Jacobo Enrique.
_929527
245 _aExtractos de higuerilla, Ricinus cummunis L. y manzanita, Arctostaphylos pungens H.B.K. para el control de la conchuela del frijol en Chapingo, México
260 _aChapíngo, Méx. :
_bEl autor,
_c1990
300 _a62 h.
502 _aTesis (M.C. Esp. en Protección Vegetal) -- UACH. Departamento de Parasitología Agrícola
590 _aALEPH
_b10
_c20130110
_lUCH01
_h1204
590 _aBATCH-UPD
_b10
_c20130110
_lUCH01
_h0907
590 _aCONVERSION
_b10
_c20130109
_lUCH01
_h1302
650 1 4 _aEpilachna varivestis.
650 1 4 _aExtractos vegetales.
_939214
650 1 4 _aFrijol
_xPlagas.
_943415
650 1 4 _aHiguerilla.
_955365
650 1 4 _aInsecticidas.
_958855
650 1 4 _aPlantas insecticidas.
_989010
901 _aBK
942 _cFOLL
949 _bBC
_cTES
_d-9843
_eTS1
_h22626
_i398
_si
949 _bBC
_cTES
_d33724000606653
_eTS2
_h22627
_i398
_si
999 _c250
_d250